Uttar adhuniktavad aur vichardhara (Record no. 32048)

MARC details
000 -LEADER
fixed length control field 00462nam a2200169Ia 4500
008 - FIXED-LENGTH DATA ELEMENTS--GENERAL INFORMATION
fixed length control field 230917s9999||||xx |||||||||||||| ||und||
020 ## - ISBN
Price RS900
040 ## - CATALOGING SOURCE
-- 252262
Original cataloging agency VIVEKANANDA LIBRARY
041 ## - Language
-- English
082 ## - DDC NUMBER
Classification number 149.97 C392U
100 ## - MAIN ENTRY--PERSONAL NAME
Personal name Chaturvedi, Jagdishwar
245 #0 - TITLE STATEMENT
Title Uttar adhuniktavad aur vichardhara
260 ## - PUBLICATION, DISTRIBUTION, ETC. (IMPRINT)
Place of publication, distribution, etc New Delhi
Name of publisher, distributor, etc Anamika Publishers
Date of publication, distribution, etc 2018
300 ## - PHYSICAL DESCRIPTION
Pages 325 p.
500 ## - GENERAL NOTE
General note 3555 24/07/2019 RKB18/2559 14/12/2018 Main Budget
942 ## - ADDED ENTRY ELEMENTS (KOHA)
Koha item type Books
Holdings
Withdrawn status Lost status Damaged status Not for loan Location (home branch) Sublocation or collection (holding branch) Date acquired Koha issues (times borrowed) Koha full call number Accession No. Koha date last seen Koha item type
        VIVEKANANDA LIBRARY VIVEKANANDA LIBRARY 16/01/2019   149.97 C392U 386426 17/09/2023 Books
        VIVEKANANDA LIBRARY VIVEKANANDA LIBRARY 16/01/2019   149.97 C392U 386427 17/09/2023 Books
        VIVEKANANDA LIBRARY VIVEKANANDA LIBRARY 16/01/2019   149.97 C392U 386428 17/09/2023 Books
        VIVEKANANDA LIBRARY VIVEKANANDA LIBRARY 16/01/2019   149.97 C392U 389151 17/09/2023 Books
© Designed and Maintained by Vivekananda Library, MDU Rohtak